01602nam a2200385 a 4500001001000000003000500010005001700015008004100032010001100073011001100084040000900095090001000104100004800114245017700162260004100339500006000380502007500440590004100515590003700556590004000593590004000633590004000673650002800713650002000741650003100761650002000792856001600812856007000828901000700898942001000905942000600915999001900921952013600940952014001076000112045CHAP20220329144243.0151124s2015 mx a fsm |||||||spa d a108506 a109478 cCHAP aTesis1 aChamorro Cobaxin, Baruch Xocoyotzin913012210aEcología de la población silvestre de Bursera linanoe (La Llave) Rzed., Calderón & Medina en Xochipala, Morelosh[En línea]cpor Baruch Xocoyotzin Chamorro Cobaxin. aChapingo, Méx. :bEl autor,c2015. aPara ver el contenido del material haga clic en la liga aTesis (Ing. en Agroecología) -- UACH. Departamento de Agroecología aBATCH-UPDb05c20151124lUCH01h1337 aBATCHb00c20181121lUCH01h0759 aE5995AHEb05c20151124lUCH01h1336 aE5995AHEb05c20151124lUCH01h1336 aE5995AHEb05c20151125lUCH01h074314aAutoecología.913012414aBursera.91628414aCambio climático.91778114aLinaloe.966894 a1 n0001549 aFinding aiduhttp://10.13.5.2/tesis/sist112045.pdfzTeclea aquí aBK cTESIS n0 c108506d108506 00104054718TESISaBCbBCd2015-11-24fTESISl0oTesisp33724002512264r2019-12-31 00:00:00w2019-12-31yTESISzRecien adquirido 00102local4053708TESISaBCbBCcPA_TESISd2015-11-24fTESISl0oTesisp33724002512306r2019-12-31 00:00:00tc.2w2019-12-31yTESIS